000 00409nam a2200169Ia 4500
008 230524s9999 xx 000 0 und d
020 _a9789384294601
082 _bGUP
100 _aA.B.Gupta
_942233
245 0 _aClassical Mechanics And Properties of Matter
250 _a4
260 _aKolkata
_bNarosa
_c2015
300 _a737p;
500 _aQuantity Number: 1
650 _aPhysics
942 _cBK
999 _c56585
_d56585